Africa- longitude 20 Quiz Stats

 Plays Quiz not verified by Sporcle

Challenge
Share
Tweet
Embed
Score 0/8 Timer 04:00
0 Plays Today
Border country country % Correct
LesothoSouth Africa
85.2%
EgyptLibya
81.5%
ZimbabweBotswana
81.5%
NigeriaChad
77.8%
Cameroon Central African Republic
66.7%
ZambiaAngola
63%
UgandaDemocratic Republic of Congo
59.3%
ZambiaNamibia
55.6%

You're not logged in!

Compare scores with friends on all Sporcle quizzes.
OR
Log In

You Might Also Like...

Show Comments

Extras

Top Quizzes Today


Score Distribution

Your Account Isn't Verified!

In order to create a playlist on Sporcle, you need to verify the email address you used during registration. Go to your Sporcle Settings to finish the process.

Report this User

Report this user for behavior that violates our Community Guidelines.

Details: